01017cam a2200253 c 4500001000900000003000700009005001700016008004100033015001200074017005400086020001800140035002100158040002900179082002000208245015500228246006700383260007600450300004400526490002600570504004100596650004000637650005700677700002900734a5048795SpMaBN20180709181815.0110519s2011 sp a | |||| 000 0 spa  aMON1111 aSS 349-2011bOficina Depósito Legal Guipúzcoa a9788496993211 a(OCoLC)776277368 aSpMaBNbspacSpMaBNerdc a305.4 O58r 201100a(Re)pensar los derechos humanos desde una perspeciva de género / cBeatriz de Lucas Larrea, Yosra Bouyanzari, Elena Apilánez Piniella ... [et al.]3 aRepensar los derechos humanos desde una perspeciva de género aDonostia-San Sebastián : bTercera Prensa = Hirugarren Prentsa,c2011 a167 páginas.bilustrado., gráficas.0 aGakoa liburuakvn. 13 aIncluye referencias bibliográficas 7aMujeresxDerechoszAmérica Latina 7aMujereszAmérica LatinaxSituación social2embne1 aLucas Larrea, Beatriz de